A taste of Ireland(Cd áudio) (Registo nº 202558)

Detalhes MARC
000 -Etiqueta do registo
Valores 00311nam 22001333 4500
100 ## - Dados gerais de processamento
Dados gerais 20260615d u||y0pory50 ba
200 ## - Titulo e menção de responsabilidade
Título próprio A taste of Ireland(Cd áudio)
Primeira menção de responsabilidade Pat Boone
210 ## - Publicação
Nome do editor Emporio
Data de publicação 1996
215 ## - Descrição física 
Outras indicações físicas 2 cd áudio
675 ## - CDU
Notação 78
801 ## - Fonte de origem
País PT
Agência BMMN
Regras de catalogação RPC
990 ## - Elementos KOHA
Tipo de documento CD Música
Exemplares
Aquisição Código de barras Cota Permissão de empréstimo Tipo de documento Empréstimo Forma de aquisição
Biblioteca Municipal de Montemor-o-Novo 32055 78 TAS (est)|DEP   CD Música Biblioteca Municipal de Montemor-o-Novo Compra

Powered by Koha